Thanksgiving TV Episodes Quiz Stats

Quiz Updated Nov 21, 2017

Challenge
Share
Tweet
Score 0/25 Timer 08:00
1 Play Today
TV Show % Correct
The Simpsons
89.9%
The Cosby Show
88.2%
Two and a Half Men
87.7%
Full House
85.9%
Everybody Loves Raymond
85.8%
Friends
85.5%
South Park
84.6%
How I Met Your Mother
71.3%
Will & Grace
69.9%
Saturday Night Live
68.2%
Everybody Hates Chris
67.8%
Roseanne
61.6%
Mad About You
47.4%
TV Show % Correct
Cheers
46.8%
The Brady Bunch
46.3%
Buffy the Vampire Slayer
41.8%
Bewitched
39.6%
WKRP in Cincinnati
36.3%
Father Knows Best
28%
Happy Days
26.8%
Family Ties
24.8%
Gilmore Girls
22.5%
Gossip Girl
16.4%
Grey's Anatomy
14.4%
The West Wing
11.9%

You're not logged in!

Compare scores with friends on all Sporcle quizzes.
Sign Up with Email
OR
Log In

You Might Also Like...

Show Comments

Extras

Top Quizzes Today


Score Distribution

Your Account Isn't Verified!

In order to create a playlist on Sporcle, you need to verify the email address you used during registration. Go to your Sporcle Settings to finish the process.